000 00924nam a22002897a 4500
003 CHAP
005 20220329133737.0
008 971013s1989 r 00010 d
010 _a10223
011 _a11195
035 _a10433
040 _cCHAP
082 _a720
_bD4
100 0 0 _aDeffis Caso, Armando.
_931499
245 _aArquitectura ecológica tropical
260 _aMéxico, D. F. :
_bConcepto,
_c1989
300 _a162 p.
_b: ilus
590 _aBATCH-UPD
_b10
_c20130110
_lUCH01
_h1450
590 _aBATCH-UPD
_b10
_c20130410
_lUCH01
_h0917
590 _aBATCH-UPD
_b10
_c20130914
_lUCH01
_h0400
590 _aCONVERSION
_b10
_c20130109
_lUCH01
_h1307
650 1 4 _aArquitectura ecológica.
_97379
901 _aBK
942 _cLIBRO
949 _a720 D4
_bBC
_cLIBRO
_d33724000134300
_eLIBRO
_fc.2
_gI. c/e
_h85424
_i10433
_si
_t35.00
949 _a720 D4
_bBC
_cLIBRO
_d33724000134417
_eLIBRO
_gI. c/e
_h85423
_i10433
_si
_t35.00
999 _c10223
_d10223